Top 100 Most Subscribed YouTube Channels - Statistics

General Stats
  • This quiz has been taken 53 times
    42 since last reset
  • The average score is 14 of 100
Answer Stats
# Subscribers Channel % Correct
2 251,900,000 MrBeast
95%
8 111,950,000 PewDiePie
85%
1 263,300,000 T-Series
75%
3 174,170,000 Cocomelon
55%
20 72,820,000 Justin Bieber
38%
35 57,270,000 Taylor Swift
35%
31 60,110,000 Dude Perfect
33%
10 101,100,000 WWE
28%
12 93,470,000 Blackpink
25%
33 59,460,000 EminemMusic
25%
41 54,030,000 Ariana Grande
23%
4 171,350,000 SET India
20%
39 54,520,000 Ed Sheeran
18%
5 121,310,000 Kids Diana Show
18%
51 49,090,000 Mark Rober
18%
80 43,080,000 Rihanna
18%
100 40,420,000 Stokes Twins
18%
15 80,650,000 5-Minute Crafts
15%
56 47,740,000 Bad Bunny
15%
11 96,030,000 Goldmines
15%
69 44,920,000 Katy Perry
15%
81 43,020,000 MrBeast Gaming
15%
16 80,040,000 Pinkfong
15%
6 116,420,000 Vlad and Niki
15%
42 53,280,000 A4
13%
50 49,340,000 Billie Eilish
13%
19 74,490,000 HYBE LABELS
13%
7 114,660,000 Like Nastya
13%
79 43,110,000 Like Nastya Show
13%
65 45,990,000 Shakira
13%
40 54,370,000 Toys and Colors
13%
43 52,860,000 ZAMZAM ELECTRONICS
13%
9 106,680,000 Zee Music Company
13%
17 79,320,000 Zee TV
13%
54 47,810,000 маша и медведь
10%
27 63,300,000 Aaj Tak
10%
66 45,390,000 Alan Walker
10%
18 77,810,000 BANGTANTV
10%
73 44,610,000 Bright Side
10%
24 67,060,000 Canal KondZilla
10%
14 90,840,000 ChuChu TV
10%
96 40,650,000 DaFuq!?Boom!
10%
75 43,800,000 HolaSoyGerman.
10%
29 61,310,000 Infobells - Hindi
10%
49 49,750,000 JuegaGerman
10%
37 56,530,000 LooLoo Kids
10%
36 57,010,000 Marshmello
10%
60 47,410,000 Masha and The Bear
10%
52 49,080,000 Mikecrack
10%
30 61,110,000 Movieclips
10%
44 52,810,000 Shemaroo
10%
13 90,970,000 Sony SAB
10%
76 43,720,000 Speed Records
10%
98 40,550,000 TEDx Talks
10%
23 67,150,000 T-Series Bhakti Sagar
10%
89 41,470,000 ABP NEWS
8%
58 47,450,000 ABS-CBN Entertainment
8%
78 43,420,000 Acharya Prashant
8%
90 41,170,000 Alan Chikin Chow
8%
45 52,520,000 ARY Digital HD
8%
59 47,420,000 Badabun
8%
64 46,150,000 BETER BOCUK
8%
21 71,750,000 Colors TV
8%
26 63,630,000 El Reino Infantil
8%
62 46,460,000 Fede Vigevani
8%
61 47,330,000 Fernanfloo
8%
88 41,530,000 Goldmines Gaane Sune Ansune
8%
46 52,500,000 HAR PAL GEO
8%
53 48,120,000 Jess No Limit
8%
70 44,780,000 Kimberly Loaiza
8%
68 44,940,000 KL BRO Biju Rithvik
8%
91 41,010,000 Little Baby Bum
8%
74 44,580,000 Ricis Official
8%
22 68,120,000 Shemaroo Filmi Gaane
8%
85 42,030,000 shfa
8%
77 43,540,000 shfa2
8%
84 42,340,000 Sony PAL
8%
93 40,930,000 StarPlus
8%
97 40,590,000 TheDonato
8%
92 40,960,000 Total Gaming
8%
67 45,340,000 Voce Sabia?
8%
57 47,470,000 Voot Kids
8%
28 61,570,000 Wave Music
8%
95 40,700,000 WorkpointOfficial
8%
55 47,740,000 YOLO AVENTURAS
8%
38 56,440,000 BillionSurpriseToys
5%
86 41,740,000 CarryMinati
5%
63 46,310,000 Felipe Neto
5%
47 50,280,000 Get Movies
5%
99 40,530,000 GR6 EXPLODE
5%
72 44,630,000 Ishtar Music
5%
82 42,930,000 LUCCAS NETO
5%
83 42,470,000 Luisito Comunica
5%
94 40,910,000 Maria Clara & JP
5%
32 59,810,000 Sony Music India
5%
48 49,830,000 SonyMusicIndiaVEVO
5%
87 41,560,000 Super Simple Songs
5%
25 65,120,000 Tips Official
5%
71 44,650,000 whinderssonnunes
5%
34 59,310,000 YRF
5%
No matching quizzes found
Score Distribution
Percent of People with Each Score
Percentile by Number Answered
Your Score History
You have not taken this quiz since the last reset